[Event "NAYCC U08"]
[Site "Toronto CAN"]
[Date "2013.08.17"]
[Round "7"]
[White "Xu, Derrick"]
[Black "Walters, Joshua"]
[Result "1-0"]
[WhiteElo "627"]
[BlackElo "290"]
[PlyCount "27"]
[GameId "2160767909250397"]
[EventDate "2013.08.14"]
[EventType "swiss"]
[EventRounds "9"]
[EventCountry "CAN"]
[SourceTitle "hb 2013"]

1. d4 e6 2. e3 Bb4+ 3. c3 Be7 4. Bd3 f5 5. Nf3 Nh6 6. Nbd2 Nc6 7. O-O O-O 8. Qe2 Na5 9. e4 fxe4 10. Qxe4 Nc6 11. Qxh7+ Kf7 12. Bg6+ Kf6 13. Be4 Ng8 14. Qg6# 1-0

[Event "NAYCC U08"]
[Site "Toronto CAN"]
[Date "2013.08.17"]
[Round "7"]
[White "Zhu, Max"]
[Black "Zhao, Jonathan"]
[Result "0-1"]
[WhiteElo "880"]
[BlackElo "1196"]
[PlyCount "124"]
[GameId "2160767909250398"]
[EventDate "2013.08.14"]
[EventType "swiss"]
[EventRounds "9"]
[EventCountry "CAN"]
[SourceTitle "hb 2013"]

1. e4 d5 2. exd5 Qxd5 3. Nc3 Qa5 4. d4 Nf6 5. Nf3 Nc6 6. Bc4 Bg4 7. h3 Qh5 8. Be2 O-O-O 9. Be3 e5 10. O-O exd4 11. hxg4 Nxg4 12. Bg5 f6 13. Bf4 dxc3 14. Qc1 cxb2 15. Qxb2 Bd6 16. Bxd6 Rxd6 17. Rfd1 Re6 18. Bc4 Re4 19. Rab1 b6 20. Bd5 Nce5 21. Bxe4 Nxf3+ 22. Bxf3 Qh2+ 23. Kf1 Re8 24. Bxg4+ Kb8 25. Rd8+ Rxd8 26. Re1 Qg1+ 27. Ke2 Re8+ 28. Kd3 Qxe1 29. Bf3 Rd8+ 30. Kc4 Qe6+ 31. Kc3 Qe5+ 32. Kb3 Qxb2+ 33. Kxb2 Rd2 34. Be4 Rxf2 35. Bxh7 Rxg2 36. Be4 Re2 37. Bd3 Re7 38. Bg6 Re5 39. Bf7 f5 40. Bh5 f4 41. Bf3 g5 42. Kc1 Re3 43. Bg4 Kb7 44. Bh5 Kc6 45. Kd2 Kd5 46. Be2 Ke4 47. Bg4 f3 48. Bh3 f2 49. Bf1 Re1 50. Bg2+ Kf4 51. Bh3 f1=Q 52. Bxf1 Rxf1 53. Ke2 Rf3 54. Ke1 g4 55. Kd2 g3 56. Ke1 g2 57. Ke2 g1=Q 58. c3 Qc1 59. c4 Re3+ 60. Kf2 Qe1+ 61. Kg2 Rg3+ 62. Kh2 Qg1# 0-1

[Event "NAYCC U08"]
[Site "Toronto CAN"]
[Date "2013.08.18"]
[Round "8"]
[White "Gan, David"]
[Black "Bhanji, Areez"]
[Result "1-0"]
[WhiteElo "731"]
[BlackElo "204"]
[PlyCount "113"]
[GameId "2160767909250399"]
[EventDate "2013.08.14"]
[EventType "swiss"]
[EventRounds "9"]
[EventCountry "CAN"]
[SourceTitle "EXT 2022"]
[Source "ChessBase"]
[SourceDate "2021.10.06"]
[SourceVersion "1"]
[SourceVersionDate "2021.10.06"]
[SourceQuality "1"]

1. e4 e5 2. Nf3 Nc6 3. Bc4 Nf6 4. Ng5 Qe7 5. Nxf7 Rg8 6. Ng5 Rh8 7. Nc3 h6 8. Nf3 Qd8 9. O-O Bc5 10. d3 d6 11. h3 Qe7 12. Qe2 Be6 13. Rd1 Bxc4 14. dxc4 O-O-O 15. Be3 Bxe3 16. Qxe3 Nb4 17. Rac1 Nxa2 18. Nxa2 Rdf8 19. Qxa7 Nxe4 20. b4 Ng5 21. c5 Nxf3+ 22. gxf3 Qg5+ 23. Kf1 Rxf3 24. Qa8+ Kd7 25. Qxh8 Rxh3 26. Ke2 Qg4+ 27. Ke1 Rh1+ 28. Kd2 Qf4+ 29. Kc3 Rh4 30. Qxg7+ Kc6 31. Qg2+ Kd7 32. Kb2 Rg4 33. Qxb7 d5 34. Rxd5+ Ke6 35. Qc6+ Kf5 36. Qd7+ Kg5 37. Qg7+ Kf5 38. Qf7+ Kg5 39. Qxf4+ Rxf4 40. Rxe5+ Kg4 41. Rh1 Rxf2 42. Rxh6 Kf4 43. Rf6+ Kxe5 44. Rxf2 Kd4 45. Rf3 Ke4 46. Rd3 Ke5 47. b5 Ke4 48. b6 Ke5 49. b7 Ke4 50. b8=Q Ke5 51. Qe8+ Kf4 52. Re3 Kf5 53. Qf8+ Kg4 54. Rf3 Kh4 55. Qg8 c6 56. Rg3 Kh5 57. Rh3# 1-0

[Event "NAYCC U08"]
[Site "Toronto CAN"]
[Date "2013.08.18"]
[Round "8"]
[White "Guipi Bopala, Prince Eric jr"]
[Black "Kulic, Mateo"]
[Result "1-0"]
[WhiteElo "930"]
[BlackElo "769"]
[PlyCount "61"]
[GameId "2160767909250400"]
[EventDate "2013.08.14"]
[EventType "swiss"]
[EventRounds "9"]
[EventCountry "CAN"]
[SourceTitle "EXT 2022"]
[Source "ChessBase"]
[SourceDate "2021.10.06"]
[SourceVersion "1"]
[SourceVersionDate "2021.10.06"]
[SourceQuality "1"]

1. d4 d5 2. c4 c6 3. Nc3 Nf6 4. e3 e6 5. Bd3 Bd6 6. e4 O-O 7. e5 dxc4 8. Bxc4 Bc7 9. exf6 Qxf6 10. Nf3 b6 11. Bd3 Nd7 12. Bg5 Qxg5 13. Nxg5 f5 14. Nxe6 Rf6 15. Bxf5 Nf8 16. O-O Nxe6 17. Qh5 Kf8 18. Qxh7 Ng5 19. Qh8+ Kf7 20. Qh5+ g6 21. Bxg6+ Kf8 22. Be8 Be6 23. Bxc6 Bf7 24. Qxg5 Bd8 25. Qh6+ Ke7 26. Bxa8 Ke8 27. Rfe1+ Be7 28. Qxf6 Kf8 29. Rxe7 Kg8 30. Qxf7+ Kh8 31. Qh7# 1-0

[Event "NAYCC U08"]
[Site "Toronto CAN"]
[Date "2013.08.18"]
[Round "8"]
[White "Guo, Roger"]
[Black "Makaveev, Martin"]
[Result "1-0"]
[WhiteElo "636"]
[BlackElo "836"]
[PlyCount "51"]
[GameId "2160767909250401"]
[EventDate "2013.08.14"]
[EventType "swiss"]
[EventRounds "9"]
[EventCountry "CAN"]
[SourceTitle "EXT 2022"]
[Source "ChessBase"]
[SourceDate "2021.10.06"]
[SourceVersion "1"]
[SourceVersionDate "2021.10.06"]
[SourceQuality "1"]

1. e4 e5 2. Nf3 Nc6 3. Nc3 Nf6 4. Bc4 Bc5 5. O-O O-O 6. d3 b6 7. Be3 d6 8. Bxc5 bxc5 9. h3 Qe8 10. Nb5 Qd7 11. Qe2 Ba6 12. a4 Bb7 13. b3 a6 14. Nc3 Nd4 15. Nxd4 cxd4 16. Nd5 Nxd5 17. Bxd5 Bxd5 18. exd5 c6 19. dxc6 Qxc6 20. f4 exf4 21. Rxf4 Rfe8 22. Qh5 f6 23. Raf1 g5 24. Rxf6 Qc8 25. Rf7 Rf8 26. Qxh7# 1-0

[Event "NAYCC U08"]
[Site "Toronto CAN"]
[Date "2013.08.18"]
[Round "8"]
[White "Hawthorn, Henry"]
[Black "Mo, Aidan"]
[Result "0-1"]
[WhiteElo "1668"]
[BlackElo "1002"]
[PlyCount "116"]
[GameId "2160767909250402"]
[EventDate "2013.08.14"]
[EventType "swiss"]
[EventRounds "9"]
[EventCountry "CAN"]
[SourceTitle "EXT 2022"]
[Source "ChessBase"]
[SourceDate "2021.10.06"]
[SourceVersion "1"]
[SourceVersionDate "2021.10.06"]
[SourceQuality "1"]

1. d4 d5 2. c4 e6 3. Nf3 c6 4. Nc3 f5 5. cxd5 cxd5 6. Bf4 Nf6 7. e3 Bb4 8. Bd3 O-O 9. O-O Ne4 10. Qb3 Nc6 11. Bxe4 fxe4 12. Rac1 exf3 13. gxf3 a5 14. Qd1 Qh4 15. Bg3 Qh3 16. Nb5 Be7 17. Nc7 Ra7 18. Nb5 Ra6 19. Qb3 Bh4 20. Nc7 Bxg3 21. fxg3 a4 22. Qd3 Rb6 23. Qe2 Bd7 24. Rc5 Ne7 25. Nb5 Bxb5 26. Rxb5 Rxb5 27. Qxb5 Nf5 28. Qe2 Rf6 29. Rc1 Rh6 30. Rc8+ Kf7 31. Rc7+ Kf6 32. e4 Nxg3 33. e5+ Kg6 34. Qc2+ Nf5 35. Qg2+ Qxg2+ 36. Kxg2 Nxd4 37. Rxb7 Kf5 38. Rb4 Rg6+ 39. Kf2 Kxe5 40. Rxa4 Rf6 41. Ra3 Rf7 42. Re3+ Kd6 43. Rd3 e5 44. b4 Kc6 45. Rc3+ Kb5 46. a3 Rxf3+ 47. Rxf3 Nxf3 48. Kxf3 e4+ 49. Kf4 g5+ 50. Ke3 h5 51. h3 Kc4 52. Ke2 d4 53. Kf2 e3+ 54. Ke2 g4 55. h4 g3 56. b5 Kxb5 57. a4+ Kxa4 58. Kf1 d3 0-1

[Event "NAYCC U08"]
[Site "Toronto CAN"]
[Date "2013.08.18"]
[Round "8"]
[White "Hua, Charles"]
[Black "Ettibaryan, Levon"]
[Result "0-1"]
[WhiteElo "1440"]
[BlackElo "608"]
[PlyCount "86"]
[GameId "2160767909250403"]
[EventDate "2013.08.14"]
[EventType "swiss"]
[EventRounds "9"]
[EventCountry "CAN"]
[SourceTitle "EXT 2022"]
[Source "ChessBase"]
[SourceDate "2021.10.06"]
[SourceVersion "1"]
[SourceVersionDate "2021.10.06"]
[SourceQuality "1"]

1. d4 d5 2. c4 c6 3. Nf3 Nf6 4. Nc3 e6 5. Bf4 Bb4 6. e3 Ne4 7. Qb3 Qa5 8. Rc1 O-O 9. a3 Bxc3+ 10. bxc3 Na6 11. cxd5 exd5 12. Bd3 c5 13. O-O c4 14. Bxc4 dxc4 15. Qxc4 Bg4 16. Ne5 Bf5 17. d5 Nd2 18. Qd4 Nxf1 19. Rxf1 Qxa3 20. Rd1 Bc2 21. Re1 Rac8 22. Qxa7 Qxc3 23. Rc1 Qd2 24. Ra1 Be4 25. h3 Qxd5 26. f3 Bc2 27. e4 Qc5+ 28. Kh2 Qxa7 29. Rc1 f6 30. Ng4 h5 31. Nf2 Qxf2 32. Bg3 Qd2 33. Re1 Bd1 34. Kg1 Rc1 35. Bf2 Bxf3 36. gxf3 Rxe1+ 37. Bxe1 Qxe1+ 38. Kg2 Rd8 39. f4 Qxe4+ 40. Kg3 Rd3+ 41. Kf2 Qxf4+ 42. Ke2 Qf3+ 43. Ke1 Rd1# 0-1

[Event "NAYCC U08"]
[Site "Toronto CAN"]
[Date "2013.08.18"]
[Round "8"]
[White "Kang, Dorian"]
[Black "Sydykhanov, Arman"]
[Result "1-0"]
[WhiteElo "1008"]
[BlackElo "620"]
[PlyCount "75"]
[GameId "2160767909250404"]
[EventDate "2013.08.14"]
[EventType "swiss"]
[EventRounds "9"]
[EventCountry "CAN"]
[SourceTitle "EXT 2022"]
[Source "ChessBase"]
[SourceDate "2021.10.06"]
[SourceVersion "1"]
[SourceVersionDate "2021.10.06"]
[SourceQuality "1"]

1. e4 e5 2. Nf3 Nc6 3. Bc4 Bc5 4. b4 Bb6 5. a4 Nxb4 6. a5 Bc5 7. c3 Nc6 8. O-O Nf6 9. d4 exd4 10. cxd4 Be7 11. e5 Ng8 12. Re1 d5 13. exd6 cxd6 14. Bd2 Bf5 15. d5 Nb8 16. Bb4 Nf6 17. a6 bxa6 18. Bxa6 Nxa6 19. Rxa6 O-O 20. Nc3 Re8 21. Qa4 Bd3 22. Rxa7 Rxa7 23. Qxa7 Bc4 24. Qd4 Bb3 25. Nd2 Bc2 26. Rc1 Bg6 27. Nf3 Qb8 28. Nh4 Bd8 29. Nxg6 fxg6 30. Qf4 Bc7 31. g3 g5 32. Qc4 Rc8 33. Nb5 Qb6 34. Nxc7 Ng4 35. Qxg4 Rxc7 36. Rxc7 Qxc7 37. Kg2 Qb7 38. Qe6+ 1-0

[Event "NAYCC U08"]
[Site "Toronto CAN"]
[Date "2013.08.18"]
[Round "8"]
[White "Kong, Brandon"]
[Black "Xu, Derrick"]
[Result "1-0"]
[WhiteElo "832"]
[BlackElo "627"]
[PlyCount "75"]
[GameId "2160767909250405"]
[EventDate "2013.08.14"]
[EventType "swiss"]
[EventRounds "9"]
[EventCountry "CAN"]
[SourceTitle "EXT 2022"]
[Source "ChessBase"]
[SourceDate "2021.10.06"]
[SourceVersion "1"]
[SourceVersionDate "2021.10.06"]
[SourceQuality "1"]

1. e4 e5 2. Nf3 Nc6 3. d4 Bb4+ 4. c3 Be7 5. Bb5 a6 6. Bxc6 dxc6 7. Nxe5 Nf6 8. Qd3 O-O 9. O-O Bd6 10. Nf3 Ng4 11. Re1 Bxh2+ 12. Nxh2 Nxh2 13. Kxh2 Qd6+ 14. Kg1 Qg6 15. Qg3 Qxg3 16. fxg3 h6 17. Nd2 Bg4 18. Nf3 f5 19. e5 Rad8 20. Bd2 c5 21. e6 Bxf3 22. gxf3 Rfe8 23. Rad1 cxd4 24. Bf4 c5 25. Re5 Rd6 26. Rde1 g5 27. Bd2 f4 28. gxf4 gxf4 29. Bxf4 Kh7 30. Bh2 Rg8+ 31. Kf2 Rg5 32. Rxg5 hxg5 33. Bxd6 dxc3 34. bxc3 b6 35. e7 c4 36. e8=Q Kh6 37. Qg8 Kh5 38. Rh1# 1-0

[Event "NAYCC U08"]
[Site "Toronto CAN"]
[Date "2013.08.18"]
[Round "8"]
[White "Low, Kevin"]
[Black "Chor, Kevin"]
[Result "1/2-1/2"]
[WhiteElo "1451"]
[BlackElo "1781"]
[PlyCount "115"]
[GameId "2160767909250406"]
[EventDate "2013.08.14"]
[EventType "swiss"]
[EventRounds "9"]
[EventCountry "CAN"]
[SourceTitle "EXT 2022"]
[Source "ChessBase"]
[SourceDate "2021.10.06"]
[SourceVersion "1"]
[SourceVersionDate "2021.10.06"]
[SourceQuality "1"]

1. e4 c5 2. Nf3 g6 3. d3 Bg7 4. Nbd2 d6 5. g3 Nc6 6. Bg2 Nf6 7. O-O O-O 8. Re1 Bd7 9. Nf1 Rc8 10. h4 Nd4 11. N1h2 b5 12. c3 Nxf3+ 13. Nxf3 e5 14. Nh2 b4 15. Kh1 a5 16. Rf1 a4 17. a3 bxc3 18. bxc3 Rb8 19. Bg5 Qa5 20. Bxf6 Bxf6 21. c4 Rb3 22. h5 Qc3 23. Ng4 Bxg4 24. Qxg4 Qxd3 25. Rfd1 Qxc4 26. Rxd6 Bg7 27. Qh4 Rc3 28. Bf1 Rc1 29. Rxc1 Qxc1 30. Kg1 Qxa3 31. h6 Bh8 32. Rd8 c4 33. Bxc4 Rxd8 34. Qxd8+ Qf8 35. Qd7 Bf6 36. Qxa4 Qxh6 37. Qe8+ Qf8 38. Bxf7+ Kg7 39. Qxf8+ Kxf8 40. Bd5 Ke7 41. f3 Kd6 42. g4 Kc5 43. Bg8 h6 44. Bh7 g5 45. Bf5 Kd4 46. Kg2 Ke3 47. Bg6 Bd8 48. Bf5 Ba5 49. Bg6 Kf4 50. Bf5 Be1 51. Bg6 Bh4 52. Bf5 Be1 53. Bg6 Bd2 54. Kf2 Be3+ 55. Ke2 Bd4 56. Bf5 Kg3 57. Bg6 Kh4 58. Bf7 1/2-1/2

[Event "NAYCC U08"]
[Site "Toronto CAN"]
[Date "2013.08.18"]
[Round "8"]
[White "Lu, Maximillian"]
[Black "Medina, Benjamin R"]
[Result "1-0"]
[WhiteElo "1655"]
[BlackElo "1606"]
[PlyCount "43"]
[GameId "2160767909250407"]
[EventDate "2013.08.14"]
[EventType "swiss"]
[EventRounds "9"]
[EventCountry "CAN"]
[SourceTitle "EXT 2022"]
[Source "ChessBase"]
[SourceDate "2021.10.06"]
[SourceVersion "1"]
[SourceVersionDate "2021.10.06"]
[SourceQuality "1"]

1. e4 c6 2. d4 d5 3. exd5 cxd5 4. c4 Nc6 5. Nf3 Bg4 6. Be3 g6 7. Nc3 dxc4 8. Bxc4 Bg7 9. Bxf7+ Kxf7 10. Ng5+ Ke8 11. Qxg4 Nxd4 12. O-O Nh6 13. Qe4 Nhf5 14. Qxb7 Qb8 15. Qe4 Nd6 16. Qd5 N4f5 17. Ne6 Kd7 18. Ne4 a6 19. N4c5+ Ke8 20. Qc6+ Kf7 21. Ng5+ Kf6 22. Nd7# 1-0

[Event "NAYCC U08"]
[Site "Toronto CAN"]
[Date "2013.08.18"]
[Round "8"]
[White "Mills, Torin"]
[Black "Lu, Michael"]
[Result "1-0"]
[WhiteElo "626"]
[BlackElo "356"]
[PlyCount "51"]
[GameId "2160767909250409"]
[EventDate "2013.08.14"]
[EventType "swiss"]
[EventRounds "9"]
[EventCountry "CAN"]
[SourceTitle "EXT 2022"]
[Source "ChessBase"]
[SourceDate "2021.10.06"]
[SourceVersion "1"]
[SourceVersionDate "2021.10.06"]
[SourceQuality "1"]

1. d4 Nf6 2. Nc3 b6 3. Bf4 Bb7 4. e3 e6 5. Bd3 Nc6 6. Nf3 Be7 7. Qd2 O-O 8. O-O-O Re8 9. Rhe1 Bb4 10. Ne5 d6 11. Nxc6 Bxc6 12. a3 Bxc3 13. Qxc3 Bxg2 14. Rg1 Bf3 15. Rde1 Nd5 16. Qc4 Nf6 17. Bg5 h6 18. Bxf6 Qxf6 19. Be2 c5 20. Rg3 Bd5 21. Qc3 Qxf2 22. Reg1 Qxe2 23. Rxg7+ Kh8 24. Rxf7 e5 25. dxe5 Bxf7 26. e6+ 1-0

[Event "NAYCC U08"]
[Site "Toronto CAN"]
[Date "2013.08.18"]
[Round "8"]
[White "Noorali, Aahil"]
[Black "Rusonik, Max"]
[Result "1-0"]
[WhiteElo "1332"]
[BlackElo "650"]
[PlyCount "27"]
[GameId "2160767909250410"]
[EventDate "2013.08.14"]
[EventType "swiss"]
[EventRounds "9"]
[EventCountry "CAN"]

1. e4 e5 2. Nf3 Nc6 3. Bc4 Nd4 4. Nxd4 exd4 5. c3 dxc3 6. Nxc3 Bc5 7. O-O b6 8. d4 Bb4 9. Nd5 Be7 10. Bf4 d6 11. Rc1 Be6 12. Nxc7+ Kf8 13. Bxe6 Rc8 14. Bxc8 1-0

[Event "NAYCC U08"]
[Site "Toronto CAN"]
[Date "2013.08.18"]
[Round "8"]
[White "Palusa, Maurya"]
[Black "Bayaraa, Chinguun"]
[Result "0-1"]
[WhiteElo "1624"]
[BlackElo "1729"]
[PlyCount "130"]
[GameId "2160767909250411"]
[EventDate "2013.08.14"]
[EventType "swiss"]
[EventRounds "9"]
[EventCountry "CAN"]

1. e4 c5 2. Nf3 d6 3. d4 cxd4 4. Nxd4 Nf6 5. Nc3 g6 6. Be3 Bg7 7. f3 O-O 8. Qd2 Nc6 9. Bc4 Bd7 10. O-O-O Qa5 11. Kb1 Rfc8 12. Bb3 Rab8 13. h4 h5 14. g4 hxg4 15. h5 Nxh5 16. Rdg1 g3 17. Nde2 Nd8 18. Bh6 Qe5 19. Bxg7 Kxg7 20. Nxg3 Nf4 21. Qh2 Nh3 22. Nf5+ Bxf5 23. f4 Qxf4 24. Rg3 Bd7 25. Rxh3 Qxh2 26. R3xh2 e6 27. Rd1 Nc6 28. Rxd6 Be8 29. Rd1 Ne5 30. Rdh1 Bc6 31. Kc1 Rh8 32. a3 Rxh2 33. Rxh2 Rh8 34. Rxh8 Kxh8 35. Kd2 Kg7 36. Ke3 g5 37. Ne2 Kg6 38. Ng3 Ng4+ 39. Kf3 Nh6 40. Ke3 Ng4+ 41. Kf3 Nf6 42. c3 Nh5 43. Bc2 f5 44. Kf2 Nxg3 45. Kxg3 Bxe4 46. Bd1 e5 47. b4 g4 48. c4 b6 49. a4 Kg5 50. a5 bxa5 51. b5 Bd3 52. Bb3 a4 53. Ba2 a3 54. Bb3 f4+ 55. Kf2 e4 56. Bc2 a2 57. Bxd3 exd3 58. c5 a1=Q 59. c6 Qc1 60. c7 Qxc7 61. b6 axb6 62. Ke1 Qc1+ 63. Kf2 d2 64. Kg2 d1=Q 65. Kh2 Qg1# 0-1

[Event "NAYCC U08"]
[Site "Toronto CAN"]
[Date "2013.08.18"]
[Round "8"]
[White "Pau, Ethan"]
[Black "Doknjas, Neil"]
[Result "1-0"]
[WhiteElo "1535"]
[BlackElo "1281"]
[PlyCount "137"]
[GameId "2160767909250413"]
[EventDate "2013.08.14"]
[EventType "swiss"]
[EventRounds "9"]
[EventCountry "CAN"]
[SourceTitle "EXT 2022"]
[Source "ChessBase"]
[SourceDate "2021.10.06"]
[SourceVersion "1"]
[SourceVersionDate "2021.10.06"]
[SourceQuality "1"]

1. e4 e5 2. Nf3 Nf6 3. Nc3 Nc6 4. Bc4 Bc5 5. O-O O-O 6. d3 h6 7. h3 d6 8. Ne2 Be6 9. Bb3 d5 10. Ng3 dxe4 11. dxe4 Qxd1 12. Rxd1 Rad8 13. Bd2 Bxb3 14. axb3 a6 15. Bc3 Rxd1+ 16. Rxd1 Re8 17. Nf5 Nxe4 18. Ne3 Nxc3 19. bxc3 Bxe3 20. fxe3 f6 21. Rd7 Re7 22. Rd5 Kf7 23. e4 Ke6 24. Nh4 Rd7 25. Rxd7 Kxd7 26. Nf5 g6 27. Nxh6 Ke6 28. Ng4 f5 29. exf5+ Kxf5 30. Kf2 Ne7 31. Ne3+ Ke4 32. Ng4 Nd5 33. c4 Nb4 34. Ne3 b5 35. cxb5 axb5 36. Ke2 Nd5 37. Nxd5 Kxd5 38. Ke3 e4 39. h4 Ke5 40. g4 b4 41. h5 gxh5 42. gxh5 Kf6 43. h6 Kg6 44. Kxe4 Kxh6 45. Ke5 Kg6 46. Ke6 Kg5 47. Kd5 Kf6 48. Kc4 Ke6 49. Kxb4 Kd6 50. Kb5 Kd7 51. Kc5 Kc8 52. Kc6 Kd8 53. b4 Kc8 54. c4 Kb8 55. b5 Kc8 56. b6 cxb6 57. Kxb6 Kb8 58. Kc6 Kc8 59. c5 Kb8 60. Kd7 Ka7 61. c6 Ka6 62. c7 Ka7 63. c8=Q Kb6 64. Kd6 Ka7 65. Qc1 Kb7 66. Kd7 Ka7 67. Qb2 Ka6 68. Kc6 Ka5 69. Qb5# 1-0

[Event "NAYCC U08"]
[Site "Toronto CAN"]
[Date "2013.08.18"]
[Round "8"]
[White "Radin, Andrew"]
[Black "Shi, Stephen"]
[Result "0-1"]
[WhiteElo "766"]
[BlackElo "581"]
[PlyCount "74"]
[GameId "2160767909250414"]
[EventDate "2013.08.14"]
[EventType "swiss"]
[EventRounds "9"]
[EventCountry "CAN"]
[SourceTitle "EXT 2022"]
[Source "ChessBase"]
[SourceDate "2021.10.06"]
[SourceVersion "1"]
[SourceVersionDate "2021.10.06"]
[SourceQuality "1"]

1. e4 e5 2. Nf3 Nc6 3. Bb5 Nf6 4. Nc3 Bb4 5. d3 Bxc3+ 6. bxc3 d6 7. O-O O-O 8. h3 a6 9. Bxc6 bxc6 10. Bg5 d5 11. Nxe5 dxe4 12. dxe4 Qxd1 13. Raxd1 Nxe4 14. Rd3 Nxg5 15. Nxc6 Re8 16. Rfd1 Ne6 17. Ne7+ Rxe7 18. Rd8+ Nf8 19. Kh2 Re2 20. Kg3 Rxc2 21. Re1 Rxc3+ 22. Kh2 Bb7 23. Ree8 Rxd8 24. Rxd8 g6 25. Rb8 Bd5 26. Re8 Bxa2 27. Ra8 Bc4 28. Ra7 Ne6 29. f4 c6 30. Ra8+ Kg7 31. g3 c5 32. h4 Rc2+ 33. Kh3 Bf1+ 34. Kg4 c4 35. f5 gxf5+ 36. Kh5 Be2+ 37. g4 Bxg4# 0-1

[Event "NAYCC U08"]
[Site "Toronto CAN"]
[Date "2013.08.18"]
[Round "8"]
[White "Tang, Matthew"]
[Black "Issani, Nameer"]
[Result "0-1"]
[WhiteElo "1031"]
[BlackElo "1425"]
[PlyCount "24"]
[GameId "2160767909250415"]
[EventDate "2013.08.14"]
[EventType "swiss"]
[EventRounds "9"]
[EventCountry "CAN"]
[SourceTitle "EXT 2022"]
[Source "ChessBase"]
[SourceDate "2021.10.06"]
[SourceVersion "1"]
[SourceVersionDate "2021.10.06"]
[SourceQuality "1"]

1. e4 e5 2. Nf3 Nc6 3. Bc4 Bc5 4. O-O d6 5. Nc3 Bg4 6. d3 Nd4 7. Be3 Nxf3+ 8. gxf3 Bh3 9. Qd2 Qf6 10. Bxc5 Qg6+ 11. Qg5 Qxg5+ 12. Kh1 Qg2# 0-1

[Event "NAYCC U08"]
[Site "Toronto CAN"]
[Date "2013.08.18"]
[Round "8"]
[White "Trakru, Rohun"]
[Black "Tang, Andrew"]
[Result "1/2-1/2"]
[WhiteElo "1372"]
[BlackElo "1593"]
[PlyCount "132"]
[GameId "2160767909250416"]
[EventDate "2013.08.14"]
[EventType "swiss"]
[EventRounds "9"]
[EventCountry "CAN"]
[SourceTitle "EXT 2022"]
[Source "ChessBase"]
[SourceDate "2021.10.06"]
[SourceVersion "1"]
[SourceVersionDate "2021.10.06"]
[SourceQuality "1"]

1. e4 c5 2. Nf3 d6 3. c3 Nc6 4. Bd3 Nf6 5. h3 g6 6. Bc2 Bg7 7. O-O O-O 8. d4 cxd4 9. cxd4 b6 10. a3 Bb7 11. Nc3 Rc8 12. Bf4 a6 13. Rc1 Na5 14. Bd3 Nc4 15. Qe2 b5 16. a4 Bc6 17. b3 Na5 18. axb5 axb5 19. b4 Nc4 20. Rfd1 Re8 21. Bxc4 bxc4 22. b5 Bb7 23. e5 Nh5 24. Bh2 Bh8 25. e6 f5 26. Ng5 Rf8 27. Nf7 Rxf7 28. exf7+ Kxf7 29. d5 Qd7 30. b6 Kf8 31. Qe6 Qxe6 32. dxe6 Rc6 33. Nd5 Nf6 34. Nc3 Rxb6 35. Rb1 Rxb1 36. Rxb1 Bc6 37. Rb6 Be8 38. Kf1 Nh5 39. Ne2 c3 40. Rb4 Bf6 41. Ke1 Ng7 42. Rc4 d5 43. Rc8 Nxe6 44. Nxc3 d4 45. Nd5 Bg7 46. Nf4 Nxf4 47. Bxf4 Kf7 48. Rc7 Kf6 49. Be5+ Kxe5 50. Rxe7+ Kd5 51. Rxe8 h6 52. Rg8 Bf6 53. Rxg6 Bg5 54. h4 Bxh4 55. Rxh6 Be7 56. Rh5 Ke4 57. Rh7 Bb4+ 58. Kd1 d3 59. Rh4+ f4 60. g3 Bd6 61. Rh6 Bc5 62. gxf4 Kxf4 63. Kd2 Bxf2 64. Kxd3 Kf3 65. Rf6+ Kg3 66. Ke2 Bd4 1/2-1/2

[Event "NAYCC U08"]
[Site "Toronto CAN"]
[Date "2013.08.18"]
[Round "8"]
[White "Whittingham, Dieter"]
[Black "Sun, Frank"]
[Result "1/2-1/2"]
[WhiteElo "625"]
[BlackElo "1097"]
[PlyCount "33"]
[GameId "2160767909250417"]
[EventDate "2013.08.14"]
[EventType "swiss"]
[EventRounds "9"]
[EventCountry "CAN"]
[SourceTitle "EXT 2022"]
[Source "ChessBase"]
[SourceDate "2021.10.06"]
[SourceVersion "1"]
[SourceVersionDate "2021.10.06"]
[SourceQuality "1"]

1. e4 e5 2. Nf3 Nc6 3. Nc3 Nf6 4. Nxe5 Nxe5 5. d4 Bb4 6. Bd2 Neg4 7. Qf3 d6 8. Bc4 O-O 9. O-O-O Nh6 10. Qg3 g6 11. Bxh6 Re8 12. Rhe1 Nh5 13. Qf3 Qd7 14. e5 Qf5 15. Qd5 Be6 16. Qxb7 Bxc4 17. Qxb4 1/2-1/2

[Event "NAYCC U08"]
[Site "Toronto CAN"]
[Date "2013.08.18"]
[Round "8"]
[White "Wu, Nicholas"]
[Black "Polavaram, Rithik S"]
[Result "0-1"]
[WhiteElo "1194"]
[BlackElo "1562"]
[PlyCount "42"]
[GameId "2160767909250418"]
[EventDate "2013.08.14"]
[EventType "swiss"]
[EventRounds "9"]
[EventCountry "CAN"]
[SourceTitle "EXT 2022"]
[Source "ChessBase"]
[SourceDate "2021.10.06"]
[SourceVersion "1"]
[SourceVersionDate "2021.10.06"]
[SourceQuality "1"]

1. e4 e5 2. Nf3 Nc6 3. Bc4 Bc5 4. c3 Nf6 5. d3 O-O 6. Bb3 d6 7. Nbd2 Qe7 8. O-O Be6 9. Bc2 Rfe8 10. Re1 Qd7 11. Nf1 Ng4 12. Re2 f5 13. h3 Nf6 14. exf5 Bxf5 15. Ng3 Be6 16. Re1 Rad8 17. Nh2 Qf7 18. Bg5 Bxf2+ 19. Kxf2 Ne4+ 20. Kg1 Qf2+ 21. Kh1 Nxg3# 0-1

[Event "NAYCC U08"]
[Site "Toronto CAN"]
[Date "2013.08.18"]
[Round "8"]
[White "Xu, Bernie"]
[Black "Jeyakumar, Bhavatharshan"]
[Result "1-0"]
[WhiteElo "1123"]
[BlackElo "558"]
[PlyCount "99"]
[GameId "2160767909250419"]
[EventDate "2013.08.14"]
[EventType "swiss"]
[EventRounds "9"]
[EventCountry "CAN"]
[SourceTitle "EXT 2022"]
[Source "ChessBase"]
[SourceDate "2021.10.06"]
[SourceVersion "1"]
[SourceVersionDate "2021.10.06"]
[SourceQuality "1"]

1. d4 d5 2. c4 Nf6 3. cxd5 Nxd5 4. e4 Nf6 5. e5 Nfd7 6. Nf3 Nc6 7. Bb5 e6 8. O-O Bb4 9. a3 Be7 10. Nc3 O-O 11. Be3 h6 12. Qc2 a6 13. Ba4 b5 14. Bb3 Bb7 15. Ba2 Re8 16. Bb1 g6 17. Bxh6 a5 18. Nxb5 Ba6 19. a4 Nb4 20. Qxc7 Qxc7 21. Nxc7 Rec8 22. Nxa8 Rxa8 23. Be4 Rc8 24. Rfc1 Re8 25. Bd2 Nd5 26. Bxa5 Be2 27. Rc2 Bxf3 28. Bxf3 Bd8 29. Bxd8 Rxd8 30. Rac1 N5b6 31. a5 Nd5 32. Bxd5 exd5 33. Rc8 Rxc8 34. Rxc8+ Kg7 35. a6 Nb6 36. Rb8 Nd7 37. a7 Nxb8 38. axb8=Q f5 39. exf6+ Kxf6 40. Qd6+ Kf5 41. Qxd5+ Kf6 42. b4 Ke7 43. Qc6 Kd8 44. Qb7 Ke8 45. Qc7 Kf8 46. d5 Ke8 47. b5 Kf8 48. b6 Ke8 49. b7 Kf8 50. b8=R# 1-0

[Event "NAYCC U08"]
[Site "Toronto CAN"]
[Date "2013.08.18"]
[Round "8"]
[White "Xu, Sivan"]
[Black "Liu, Owen"]
[Result "1-0"]
[WhiteElo "694"]
[BlackElo "571"]
[PlyCount "47"]
[GameId "2160767909250420"]
[EventDate "2013.08.14"]
[EventType "swiss"]
[EventRounds "9"]
[EventCountry "CAN"]
[SourceTitle "EXT 2022"]
[Source "ChessBase"]
[SourceDate "2021.10.06"]
[SourceVersion "1"]
[SourceVersionDate "2021.10.06"]
[SourceQuality "1"]

1. e4 c5 2. Nf3 Nc6 3. d4 cxd4 4. Nxd4 e5 5. Nxc6 bxc6 6. Be3 Nf6 7. Nc3 Bb4 8. Bd3 O-O 9. O-O d6 10. a3 Bg4 11. Qc1 Ba5 12. b4 Bb6 13. Bxb6 Qxb6 14. Re1 c5 15. bxc5 dxc5 16. Bc4 Qa5 17. Nd5 Nxd5 18. Bxd5 Rab8 19. h3 Bd7 20. c4 Rb3 21. Re3 Rfb8 22. Rg3 g6 23. Qh6 Qc3 24. Rxc3 1-0